[Event "Cheboksary Sergievskiy Memorial Rapid"]
[Site "Cheboksary"]
[Date "2016.04.11"]
[Round "2"]
[White "Severinov, Boris"]
[Black "Morozevich, Alexander"]
[Result "0-1"]
[WhiteElo "2069"]
[BlackElo "2683"]
[PlyCount "52"]
[EventDate "2016.04.11"]
[EventType "swiss (rapid)"]
[EventRounds "11"]
[EventCountry "RUS"]
[SourceTitle "CBM 171 Extra"]
[Source "ChessBase"]
[SourceDate "2016.04.26"]
[SourceVersion "1"]
[SourceVersionDate "2016.04.26"]
[SourceQuality "1"]

1. Nf3 g6 2. e3 Bg7 3. d4 f5 4. Bd3 Nf6 5. Nbd2 c5 6. c4 0-0 7. Qc2 d6 8. a3 cxd4 9. exd4 e5 10. dxe5 dxe5 11. Nxe5 Nh5 12. Ndf3 Re8 13. Bg5 Rxe5+ 14. Kf1 Qc7 15. Nxe5 Bxe5 16. c5 Be6 17. Re1 Nc6 18. h4 Nd4 19. Qc1 Bf4 20. Qc3 Bxg5 21. hxg5 Rd8 22. Rh3 Nf4 23. Rg3 Bd5 24. Kg1 Nxg2 25. Rxg2 Nf3+ 26. Kf1 Nxe1 0-1